Question Bank in Electrical & Electronics Engineering (Record no. 4757)

MARC details
000 -LEADER
fixed length control field 00444nam a2200169Ia 4500
008 - FIXED-LENGTH DATA ELEMENTS--GENERAL INFORMATION
fixed length control field 221030s9999 xx 000 0 und d
020 ## - INTERNATIONAL STANDARD BOOK NUMBER
ISBN 81075150548
041 ## - LANGUAGE CODE
Language code of text/sound track or separate title
082 ## - DEWEY DECIMAL CLASSIFICATION NUMBER
Classification number 105.23
Item number Rai
100 ## - MAIN ENTRY--AUTHOR NAME
Personal name H. C. Rai
245 #0 - TITLE STATEMENT
Title Question Bank in Electrical & Electronics Engineering
Statement of responsibility, etc by H. C. Rai, Ashok Raj
260 ## - PUBLICATION, DISTRIBUTION, ETC. (IMPRINT)
Name of publisher Galgotia Pub
Place of publication New Delhi
Year of publication 1997
300 ## - PHYSICAL DESCRIPTION
Number of Pages 1098
650 ## - SUBJECT ADDED ENTRY--TOPICAL TERM
Topical Term ECE & EE
700 ## - ADDED ENTRY--PERSONAL NAME
Personal name Ashok Raj
942 ## - ADDED ENTRY ELEMENTS (KOHA)
Koha item type Books
Holdings
Accession Number Cost, normal purchase price Full call number Price effective from Koha item type Withdrawn / writtenoff status Materials specified (bound volume or other part) Damaged status Not for loan Permanent Location Current Location Shelving location Date acquired Lost/ Missing status department
BE 888 250.00 105.23 Rai 10/30/2022 Books   Print     MIET Library, Jammu MIET Library, Jammu BL-Academic Block- A, FL-1, CUP-12, SH-1, R-1 02/01/2000   BE